| 000 | 01232nam a2200241 i 4500 | ||
|---|---|---|---|
| 001 | 154671 | ||
| 003 | ES-MaACL | ||
| 005 | 20230906205820.0 | ||
| 008 | 960918s18991901sp a |||| | spa d | ||
| 040 |
_aEUS _bspa _cEUS |
||
| 080 | _a908(460.154) | ||
| 100 | 1 |
_aGorosabel, Pablo de. _9127478 |
|
| 245 | 1 | 0 |
_aNoticia de las cosas memorables de Guipúzcoa ó descrpicion de la provincia y de sus habitadores _b: exposición de las instituciones, fueros, privilegios, ordenanzas y leyes : reseña del Gobierno civil, eclesiástico y militar... / _cpor D. Pablo de Gorosábel. |
| 260 |
_aTolosa : _bImprenta, Librería y Encuadernación de E. López..., _c1899-1901. |
||
| 300 |
_a6 v. : _bil. ; _c23 cm. |
||
| 505 | 8 | _aContiene: Apéndice á la obra Noticia de las cosas memorables de Guipúzcoa de D. Pablo de Gorosábel / por... Carmelo de Echegaray, tomo VI | |
| 530 | _aDisponible en formato digital. | ||
| 597 | _aAntep. | ||
| 599 | _aIl. son cabeceras fotograbadas. | ||
| 651 | 4 |
_aGuipúzcoa- _xDescripción. _98811 |
|
| 852 |
_aES-MaACL _jC-2152-57 _z-- Enc. tela |
||
| 856 |
_uhttp://bibliotecadigitalhispanica.bne.es:80/webclient/DeliveryManager?pid=1864690&custom_att_2=simple_viewer _zBiblioteca Digital Hispánica |
||
| 999 |
_c154671 _d154671 |
||